000 00857nam a2200217Ia 4500
003 OSt
005 20250612111326.0
008 191128t2016 ck gr 000 f spa d
020 _a9789588421711
040 _aCO-JMCR
_cCO-JMCR
041 _aspa
082 0 4 _aJ-N
_bSANp
100 1 _aSánchez , Aguilar Agustín,
_eautor
_98109
245 1 0 _aPeter Pan /
_cAgustín Sánchez Aguilar
250 _aPrimera edición
260 _aBogotá :
_bVicens Vives,
_c©2016
300 _a176 páginas :
_b ilustraciones a color ;
_c 22 cm.
520 _aEn una isla lejana vive Peter Pan, un niño que se niega a crecer. Su país está lleno de hadas traviesas y piratas despiadados, sirenas cantadoras y estrellas que hablan, y es el escenario ideal para todo tipo de aventuras. ¿Quién se puede negar a visitar.
650 1 4 _aNovela
_98110
942 _2ddc
_cBK
999 _c3380
_d3380